Избранные произведения: В 3 т.; Т. 1; Льды уходят в океан. Роман

Bibliografiske detaljer
Hovedforfatter: Лебеденко П. В. Петр Васильевич
Andre forfattere: Буханцев Н. Николай (автор предисловия)
Sprog:russisk
Udgivet: Ростов-на-Дону, Ростовское книжное изд-во, 1987
Fag:
Format: MixedMaterials Bog
KOHA link:https://koha.lib.tpu.ru/cgi-bin/koha/opac-detail.pl?biblionumber=143070

MARC

LEADER 00000nam0a2200000 4500
001 143070
005 20231031142958.0
020 |a RU  |b 87-47832 
035 |a (RuTPU)RU\TPU\book\155037 
090 |a 143070 
100 |a 20080916g1987 m y0rusy5003 ca 
101 0 |a rus 
102 |a RU 
105 |a c z 000ay 
200 1 |a Избранные произведения  |e В 3 т.  |h Т. 1  |i Льды уходят в океан. Роман  |f П. В. Лебеденко  |g авт. предисл. Н. Буханцев 
210 |a Ростов-на-Дону  |c Ростовское книжное изд-во  |d 1987 
215 |d 22 см  |a 496 с.  |c портр. 
610 1 |a Крайний Север СССР 
610 1 |a советская литература 
610 1 |a романы 
675 |a Р2  |z rus 
700 1 |a Лебеденко  |b П. В.  |g Петр Васильевич  |4 070 
702 1 |a Буханцев  |b Н.  |g Николай  |4 080 
801 0 |a RU  |b RuMRKP  |c 19950417  |g psbo 
801 1 |a RU  |b 63413507  |c 20080916  |g PSBO 
801 2 |a RU  |b 63413507  |c 20080916  |g PSBO 
942 |c BK